[Event "Landesliga Ost MVP 2013-14"]
[Site "?"]
[Date "2013.11.24"]
[Round "3.8"]
[White "Winkler, Karl"]
[Black "Wuttke, Reiner"]
[Result "1-0"]
[WhiteElo "1774"]
[BlackElo "1511"]
[PlyCount "105"]
[EventType "team-tourn"]
[EventRounds "9"]
[EventCountry "GER"]
[WhiteTeam "SG Eintracht Neubrandenburg"]
[BlackTeam "ESV Waren"]
[WhiteTeamCountry "GER"]
[BlackTeamCountry "GER"]

1. e4 e6 2. d4 d5 3. exd5 exd5 4. Bd3 Nf6 5. Ne2 Bd6 6. Bf4 O-O 7. Bxd6 Qxd6 8.
O-O Be6 9. Nbc3 c6 10. Ng3 Nbd7 11. Qd2 Nb6 12. Rfe1 Nc4 13. Bxc4 dxc4 14. Nce4
Nxe4 15. Nxe4 Qc7 16. Re2 h6 17. Rae1 b6 18. Ng3 Rad8 19. Re5 Rd5 20. Rxd5 cxd5
21. f4 Qd7 22. Qf2 f6 23. Re3 Re8 24. Qe1 Bf7 25. Rxe8+ Bxe8 26. Qe3 Bg6 27. c3
Kf8 28. Kf2 Bd3 29. h3 a5 30. Ke1 Kf7 31. Nh1 Be4 32. Kf2 Qb5 33. Qd2 Bb1 34.
a3 Qb3 35. g4 Bc2 36. Qc1 Bd3 37. Kg3 g5 38. Nf2 gxf4+ 39. Kxf4 Bg6 40. h4 Qb5
41. Kf3 Kg7 42. Qd2 Qe8 43. Qe2 Qxe2+ 44. Kxe2 h5 45. Ke3 hxg4 46. Nxg4 Bf5 47.
Kf4 Be6 48. h5 a4 49. h6+ Kg6 50. h7 Kxh7 51. Nxf6+ Kg6 52. Ke5 Kf7 53. Nxd5
1-0

[Event "Landesliga Ost MVP 2013-14"]
[Site "?"]
[Date "2013.12.15"]
[Round "4.1"]
[White "Voelschow, Siegfried"]
[Black "Stork, Michael"]
[Result "1/2-1/2"]
[WhiteElo "1975"]
[BlackElo "2009"]
[PlyCount "45"]
[EventType "team-tourn"]
[EventRounds "9"]
[EventCountry "GER"]
[WhiteTeam "SV Waterkant Saal"]
[BlackTeam "ESV Waren"]
[WhiteTeamCountry "GER"]
[BlackTeamCountry "GER"]

1. e4 c5 2. Nf3 d6 3. c3 Nf6 4. Bd3 Nc6 5. Bc2 Bg4 6. d3 g6 7. Nbd2 Bg7 8. Nf1
Ne5 9. Ne3 Nxf3+ 10. gxf3 Bh3 11. Rg1 Qc8 12. Ng4 h5 13. Ne3 h4 14. f4 Bh6 15.
Qf3 Bd7 16. Bd2 Qc6 17. O-O-O O-O-O 18. Bb3 e6 19. Kb1 b5 20. Ng4 Bg7 21. Qe2
Rh5 22. f5 Nxg4 23. fxe6 1/2-1/2

[Event "Landesliga Ost MVP 2013-14"]
[Site "?"]
[Date "2013.12.15"]
[Round "4.2"]
[White "Schumacher, Albrecht"]
[Black "Onasch, Gunnar"]
[Result "1-0"]
[WhiteElo "1925"]
[BlackElo "1863"]
[PlyCount "61"]
[EventType "team-tourn"]
[EventRounds "9"]
[EventCountry "GER"]
[WhiteTeam "ESV Waren"]
[BlackTeam "SV Waterkant Saal"]
[WhiteTeamCountry "GER"]
[BlackTeamCountry "GER"]

1. Nf3 Nf6 2. c4 g6 3. Nc3 Bg7 4. d4 d6 5. e4 O-O 6. Be2 e5 7. Be3 Nc6 8. d5
Ne7 9. Nd2 Nd7 10. O-O f5 11. f3 Kh8 12. b4 a5 13. bxa5 Rxa5 14. Nb3 Ra8 15. c5
b6 16. c6 Nc5 17. Nxc5 bxc5 18. a4 Ng8 19. a5 Ba6 20. Qd2 f4 21. Bf2 Qc8 22.
Rfb1 Nf6 23. Be1 g5 24. Bxa6 Qxa6 25. Rb7 Rfc8 26. Nb5 Ne8 27. Rb1 Kg8 28. g3
Bf6 29. Qg2 Rab8 30. Nxc7 Rxb7 31. cxb7 1-0

[Event "Landesliga Ost MVP 2013-14"]
[Site "?"]
[Date "2013.12.15"]
[Round "4.3"]
[White "Richter, Frank"]
[Black "Wittig, Harry"]
[Result "1/2-1/2"]
[WhiteElo "1655"]
[BlackElo "1867"]
[PlyCount "34"]
[EventType "team-tourn"]
[EventRounds "9"]
[EventCountry "GER"]
[WhiteTeam "SV Waterkant Saal"]
[BlackTeam "ESV Waren"]
[WhiteTeamCountry "GER"]
[BlackTeamCountry "GER"]

1. d4 d5 2. Nf3 Nf6 3. Bf4 e6 4. e3 Bd6 5. Bg3 O-O 6. c4 Nc6 7. Nc3 Re8 8. Be2
Bxg3 9. hxg3 Qe7 10. a3 a5 11. Qc2 h6 12. O-O Rd8 13. Rfd1 Rb8 14. Rac1 Bd7 15.
Nb5 Be8 16. Bd3 Rbc8 17. Qb3 dxc4 1/2-1/2

[Event "Landesliga Ost MVP 2013-14"]
[Site "?"]
[Date "2013.12.15"]
[Round "4.4"]
[White "Schreiner, Wolfgang"]
[Black "Nickel, Reimo"]
[Result "1-0"]
[WhiteElo "1789"]
[BlackElo "1767"]
[PlyCount "59"]
[EventType "team-tourn"]
[EventRounds "9"]
[EventCountry "GER"]
[WhiteTeam "ESV Waren"]
[BlackTeam "SV Waterkant Saal"]
[WhiteTeamCountry "GER"]
[BlackTeamCountry "GER"]

1. e4 e5 2. Nf3 Nc6 3. d4 exd4 4. Bc4 d6 5. Nxd4 Ne5 6. Bb3 Bg4 7. Ne2 Nf6 8.
O-O Be7 9. f4 Bxe2 10. Qxe2 Nc6 11. Rd1 Qc8 12. h3 O-O 13. e5 dxe5 14. fxe5
Bc5+ 15. Kh1 Nd7 16. e6 Nb6 17. exf7+ Kh8 18. Be6 Qb8 19. Qh5 Nd4 20. Rxd4 Bxd4
21. Bf5 g6 22. Bxg6 Rxf7 23. Bxf7 Qf8 24. c3 Re8 25. Bd2 Re7 26. cxd4 Rxf7 27.
Na3 Rf5 28. Qg4 Rf2 29. Be3 Rxb2 30. d5 1-0

[Event "Landesliga Ost MVP 2013-14"]
[Site "?"]
[Date "2013.12.15"]
[Round "4.5"]
[White "Ehmann, Roland"]
[Black "Dohnow, Thomas"]
[Result "0-1"]
[WhiteElo "1507"]
[BlackElo "1726"]
[PlyCount "90"]
[EventType "team-tourn"]
[EventRounds "9"]
[EventCountry "GER"]
[WhiteTeam "SV Waterkant Saal"]
[BlackTeam "ESV Waren"]
[WhiteTeamCountry "GER"]
[BlackTeamCountry "GER"]

1. d4 d5 2. c4 e6 3. a3 c6 4. e3 Nf6 5. Nf3 Nbd7 6. Nc3 Bd6 7. c5 Bb8 8. b4 e5
9. Be2 e4 10. Nd2 O-O 11. f4 exf3 12. Nxf3 Ne4 13. Qc2 Ndf6 14. O-O Re8 15. Bd3
Bg4 16. Bd2 Qc7 17. Bxe4 Nxe4 18. Nxe4 Bxf3 19. Ng3 Be4 20. Qd1 Re6 21. Qh5 Rh6
22. Qg4 Rg6 23. Qf4 Qe7 24. Qf2 Bxg3 25. hxg3 f5 26. Qf4 Re8 27. Kh2 Rg4 28.
Qf2 Qg5 29. Rh1 Re6 30. Be1 Rg6 31. a4 h5 32. Kg1 h4 33. Rxh4 Rxh4 34. gxh4
Qxg2+ 35. Qxg2 Rxg2+ 36. Kf1 Rh2 37. Kg1 Rh1+ 38. Kf2 Rxh4 39. Ra3 g5 40. b5
Rh2+ 41. Kg3 Re2 42. Ba5 Kg7 43. Bc7 Kg6 44. Bb8 Kh5 45. Kh3 Rg2 0-1

[Event "Landesliga Ost MVP 2013-14"]
[Site "?"]
[Date "2013.12.15"]
[Round "4.6"]
[White "Lotz, Robert"]
[Black "Nickel, Udo"]
[Result "1/2-1/2"]
[WhiteElo "1736"]
[BlackElo "1675"]
[PlyCount "156"]
[EventType "team-tourn"]
[EventRounds "9"]
[EventCountry "GER"]
[WhiteTeam "SV Waterkant Saal"]
[BlackTeam "ESV Waren"]
[WhiteTeamCountry "GER"]
[BlackTeamCountry "GER"]

1. e4 e6 2. Nf3 d5 3. exd5 exd5 4. d4 Bd6 5. h3 Nf6 6. Bd3 h6 7. O-O O-O 8. Ne5
Be6 9. Bf4 c5 10. c3 cxd4 11. cxd4 Qb6 12. b3 Nbd7 13. Nxd7 Nxd7 14. Bxd6 Qxd6
15. Nd2 Rac8 16. Nf3 Rc3 17. Qd2 Rfc8 18. Rfe1 a6 19. Rac1 Qc7 20. Rxc3 Qxc3
21. Qe3 Qb2 22. a4 Rc3 23. Rb1 Qxb1+ 24. Bxb1 Rxe3 25. fxe3 g6 26. Bd3 f5 27.
Kf2 Kg7 28. h4 Kf6 29. g3 Ke7 30. Ke1 Kf6 31. Kd2 g5 32. hxg5+ hxg5 33. a5 Bf7
34. b4 Bh5 35. Nh2 Nb8 36. b5 axb5 37. Bxb5 Ke6 38. Kc3 Kd6 39. Kb4 Nc6+ 40.
Bxc6 Kxc6 41. Nf1 Be2 42. Nd2 b6 43. Nb3 bxa5+ 44. Kxa5 Kd6 45. Kb6 Bf1 46. Nc5
Be2 47. Nb7+ Kd7 48. Kc5 Bc4 49. Nd6 f4 50. gxf4 gxf4 51. exf4 Bb3 52. Nf5 Ke6
53. Ne3 Ba2 54. f5+ Kf6 55. Kd6 Bb3 56. Kc5 Ba2 57. Kd6 Bb3 58. Kc5 Ba2 59. Kb4
Kg5 60. Kc5 Kf6 61. Nxd5+ Kxf5 62. Ne3+ Ke6 63. Nc4 Bb1 64. d5+ Ke7 65. d6+ Kd8
66. Nb6 Be4 67. Kd4 Bg2 68. Ke5 Bh3 69. Na4 Kd7 70. Nc5+ Kd8 71. Ne6+ Ke8 72.
Kd5 Kd7 73. Nf4 Bg4 74. Ng6 Bf3+ 75. Kc5 Bg2 76. Ne5+ Kd8 77. Ng6 Kd7 78. Nf4
Bf3 1/2-1/2

[Event "Landesliga Ost MVP 2013-14"]
[Site "?"]
[Date "2013.12.15"]
[Round "4.7"]
[White "Hiltner, Harald"]
[Black "Mayerhoff, Lothar"]
[Result "1/2-1/2"]
[WhiteElo "1515"]
[BlackElo "1570"]
[PlyCount "52"]
[EventType "team-tourn"]
[EventRounds "9"]
[EventCountry "GER"]
[WhiteTeam "SV Waterkant Saal"]
[BlackTeam "ESV Waren"]
[WhiteTeamCountry "GER"]
[BlackTeamCountry "GER"]

1. e4 c5 2. Nf3 a6 3. d4 cxd4 4. Nxd4 e5 5. Nf5 d6 6. Ne3 Nc6 7. Nd5 Nge7 8.
Nbc3 Nxd5 9. Nxd5 Ne7 10. Bc4 b5 11. Nxe7 Qxe7 12. Bd5 Bb7 13. O-O Rc8 14. Be3
Qc7 15. Rc1 Bxd5 16. Qxd5 Qc6 17. Rfd1 Be7 18. Qxc6+ Rxc6 19. Rd5 O-O 20. a3 f5
21. exf5 Rxf5 22. c3 h6 23. Rcd1 Rf8 24. Kf1 Kf7 25. g3 g5 26. Ke2 Ke6 1/2-1/2

[Event "Landesliga Ost MVP 2013-14"]
[Site "?"]
[Date "2013.12.15"]
[Round "4.1"]
[White "Pruesse, Horst"]
[Black "Scheel, Henrik"]
[Result "1/2-1/2"]
[WhiteElo "1947"]
[BlackElo "1901"]
[PlyCount "50"]
[EventType "team-tourn"]
[EventRounds "9"]
[EventCountry "GER"]
[WhiteTeam "SG Eintracht Neubrandenburg"]
[BlackTeam "SV Rugia Bergen"]
[WhiteTeamCountry "GER"]
[BlackTeamCountry "GER"]

1. e4 e5 2. Nf3 Nc6 3. Bb5 a6 4. Ba4 Nf6 5. O-O Be7 6. Re1 b5 7. Bb3 d6 8. h3
Nd4 9. Nxd4 exd4 10. d3 O-O 11. c3 c5 12. a4 Bb7 13. axb5 axb5 14. Rxa8 Qxa8
15. cxd4 cxd4 16. Na3 d5 17. e5 Bxa3 18. exf6 Bb4 19. fxg7 Re8 20. Bd2 Rxe1+
21. Qxe1 Bxd2 22. Qxd2 Qa1+ 23. Kh2 Qb1 24. Qb4 Kxg7 25. Qxb5 Qc1 1/2-1/2

[Event "Landesliga Ost MVP 2013-14"]
[Site "?"]
[Date "2013.12.15"]
[Round "4.2"]
[White "Bohl, Stefan"]
[Black "Lansky, Georg"]
[Result "1/2-1/2"]
[WhiteElo "1961"]
[BlackElo "1849"]
[PlyCount "31"]
[EventType "team-tourn"]
[EventRounds "9"]
[EventCountry "GER"]
[WhiteTeam "SV Rugia Bergen"]
[BlackTeam "SG Eintracht Neubrandenburg"]
[WhiteTeamCountry "GER"]
[BlackTeamCountry "GER"]

1. d4 d5 2. Nf3 Nf6 3. e3 e6 4. Be2 Be7 5. O-O O-O 6. Nbd2 c5 7. c4 Nc6 8. dxc5
Bxc5 9. a3 dxc4 10. Bxc4 a6 11. b4 Be7 12. Qc2 Bd7 13. Bb2 Rc8 14. Qb3 b5 15.
Be2 Qb6 16. Rfd1 1/2-1/2

[Event "Landesliga Ost MVP 2013-14"]
[Site "?"]
[Date "2013.12.15"]
[Round "4.3"]
[White "Rossmann, Andreas"]
[Black "Pawlick, Helmut"]
[Result "1-0"]
[WhiteElo "1977"]
[BlackElo "1871"]
[PlyCount "47"]
[EventType "team-tourn"]
[EventRounds "9"]
[EventCountry "GER"]
[WhiteTeam "SG Eintracht Neubrandenburg"]
[BlackTeam "SV Rugia Bergen"]
[WhiteTeamCountry "GER"]
[BlackTeamCountry "GER"]

1. d4 Nf6 2. Nf3 e6 3. c4 c5 4. e3 d5 5. Nc3 Nc6 6. cxd5 Nxd5 7. Bb5 Bd7 8.
Nxd5 exd5 9. O-O a6 10. Be2 cxd4 11. Nxd4 Ne5 12. Qb3 Bc6 13. Bd2 Be7 14. Nf5
Qd7 15. Nxe7 Qxe7 16. Bb4 Qe6 17. Rfd1 Rd8 18. Rd4 f6 19. Rad1 Rd7 20. e4 Nc4
21. Bf3 Ne5 22. exd5 Nxf3+ 23. Qxf3 Qe5 24. Re1 1-0

[Event "Landesliga Ost MVP 2013-14"]
[Site "?"]
[Date "2013.12.15"]
[Round "4.4"]
[White "Sommer, Stefan"]
[Black "Stoevesand, Eric"]
[Result "1-0"]
[WhiteElo "1737"]
[BlackElo "1929"]
[PlyCount "49"]
[EventType "team-tourn"]
[EventRounds "9"]
[EventCountry "GER"]
[WhiteTeam "SV Rugia Bergen"]
[BlackTeam "SG Eintracht Neubrandenburg"]
[WhiteTeamCountry "GER"]
[BlackTeamCountry "GER"]

1. e4 e5 2. Nf3 Nc6 3. Bb5 a6 4. Ba4 Nf6 5. O-O Be7 6. Re1 d6 7. c3 b5 8. Bc2
Bg4 9. h3 Bh5 10. d3 O-O 11. Nbd2 d5 12. Nf1 d4 13. Ng3 Bxf3 14. Qxf3 b4 15.
Ba4 Na7 16. cxd4 Qxd4 17. Nf5 Qd8 18. Qg3 Nh5 19. Qxe5 Bf6 20. Nh6+ gxh6 21.
Qxh5 Bg5 22. Be3 Nb5 23. Rad1 Nd4 24. h4 Bxh4 25. Bxd4 1-0

[Event "Landesliga Ost MVP 2013-14"]
[Site "?"]
[Date "2013.12.15"]
[Round "4.5"]
[White "Kunow, Frank"]
[Black "Pawlowicz, Wolfgang"]
[Result "1/2-1/2"]
[WhiteElo "1793"]
[BlackElo "1755"]
[PlyCount "90"]
[EventType "team-tourn"]
[EventRounds "9"]
[EventCountry "GER"]
[WhiteTeam "SG Eintracht Neubrandenburg"]
[BlackTeam "SV Rugia Bergen"]
[WhiteTeamCountry "GER"]
[BlackTeamCountry "GER"]

1. Nf3 Nf6 2. c4 c5 3. Nc3 Nc6 4. d4 cxd4 5. Nxd4 a6 6. g3 g6 7. Bg2 Bg7 8. O-O
O-O 9. e4 Ne5 10. b3 d6 11. h3 Qc7 12. Bb2 Bd7 13. Kh2 Nc6 14. Nxc6 Bxc6 15.
Nd5 Bxd5 16. exd5 Qd7 17. Qd3 Ng4+ 18. hxg4 Bxb2 19. Rab1 Bg7 20. Bh3 Qc7 21.
g5 f5 22. gxf6 Bxf6 23. Be6+ Kg7 24. Kg2 Qa5 25. a4 Qc3 26. Qe2 Qe5 27. Qg4 Qd4
28. Rbe1 Qb2 29. Rb1 Qc3 30. Rfc1 Qd2 31. Rd1 Qa2 32. Rf1 Be5 33. Qg5 Bf6 34.
Qe3 Be5 35. Rh1 h5 36. Rbe1 Qb2 37. Re2 Qd4 38. Qxd4 Bxd4 39. Rh4 Bf6 40. Rhe4
g5 41. f4 gxf4 42. Rxf4 Be5 43. Rxf8 Rxf8 44. Rf2 Rxf2+ 45. Kxf2 b6 1/2-1/2

[Event "Landesliga Ost MVP 2013-14"]
[Site "?"]
[Date "2013.12.15"]
[Round "4.6"]
[White "Burwitz, Joerg"]
[Black "Meyer, Detlef"]
[Result "1/2-1/2"]
[WhiteElo "1673"]
[BlackElo "1827"]
[PlyCount "43"]
[EventType "team-tourn"]
[EventRounds "9"]
[EventCountry "GER"]
[WhiteTeam "SV Rugia Bergen"]
[BlackTeam "SG Eintracht Neubrandenburg"]
[WhiteTeamCountry "GER"]
[BlackTeamCountry "GER"]

1. d4 d5 2. Nf3 Nf6 3. c4 c6 4. Nc3 e6 5. cxd5 exd5 6. Bg5 Be7 7. e3 Bf5 8. Bd3
Bxd3 9. Qxd3 Nbd7 10. Bxf6 Nxf6 11. O-O O-O 12. Rac1 Re8 13. Ne5 Bd6 14. f4 Qe7
15. Rf3 Ne4 16. Rh3 h6 17. Nxe4 dxe4 18. Qb3 Rac8 19. Rh5 Rc7 20. Nc4 Kf8 21.
Nxd6 Qxd6 22. Rhc5 1/2-1/2

[Event "Landesliga Ost MVP 2013-14"]
[Site "?"]
[Date "2013.12.15"]
[Round "4.7"]
[White "Stoevesand, Peter"]
[Black "Tabbert, Dirk"]
[Result "1-0"]
[WhiteElo "1831"]
[BlackElo "1588"]
[PlyCount "81"]
[EventType "team-tourn"]
[EventRounds "9"]
[EventCountry "GER"]
[WhiteTeam "SG Eintracht Neubrandenburg"]
[BlackTeam "SV Rugia Bergen"]
[WhiteTeamCountry "GER"]
[BlackTeamCountry "GER"]

1. e4 c6 2. d4 d5 3. Nc3 dxe4 4. Nxe4 Bf5 5. Ng3 Bg6 6. Nf3 e6 7. Bc4 Bd6 8.
O-O h6 9. Re1 Ne7 10. Qe2 Nd7 11. Bb3 Qc7 12. c4 O-O-O 13. Bd2 Rhe8 14. Bc3 Nf6
15. Ba4 Bxg3 16. hxg3 Ne4 17. Ne5 Nxc3 18. bxc3 Qa5 19. Nxg6 Nxg6 20. Qc2 Re7 {
(=)} 21. Bb3 Qg5 22. Re3 Red7 23. Rae1 Ne7 24. Re5 Qg6 25. Qe2 Qf6 26. Bc2 Ng6
27. Rc5 Kc7 28. Be4 Rd6 29. Ra5 Kb8 30. Qb2 Rc8 31. Qa3 e5 32. Bxg6 Qxg6 33.
dxe5 Re6 34. Rxa7 Ree8 35. Ra8+ Kc7 36. Rxc8+ Rxc8 37. Rd1 Kb6 38. Qb4+ Kc7 39.
Rb1 Rb8 40. Qe7+ Kc8 41. Rd1 1-0

[Event "Landesliga Ost MVP 2013-14"]
[Site "?"]
[Date "2013.12.15"]
[Round "4.8"]
[White "Pawlowicz, Karsten"]
[Black "Zibell, Walter"]
[Result "1/2-1/2"]
[WhiteElo "1558"]
[BlackElo "1782"]
[PlyCount "53"]
[EventType "team-tourn"]
[EventRounds "9"]
[EventCountry "GER"]
[WhiteTeam "SV Rugia Bergen"]
[BlackTeam "SG Eintracht Neubrandenburg"]
[WhiteTeamCountry "GER"]
[BlackTeamCountry "GER"]

1. c4 Nf6 2. d4 g6 3. Nc3 Bg7 4. e4 d6 5. Be3 O-O 6. h3 e5 7. d5 Ne8 8. Bd3 f5
9. exf5 gxf5 10. Qc2 e4 11. Nxe4 fxe4 12. Bxe4 Nf6 13. Bd3 Nbd7 14. Nf3 Ne5 15.
Nxe5 dxe5 16. g4 e4 17. Be2 Qe7 18. O-O-O Bd7 19. g5 Ne8 20. c5 Bf5 21. Qb3 Kh8
22. Qxb7 Qd8 23. Rd2 Be5 24. h4 Ng7 25. h5 Rb8 26. Qa6 Bc8 27. Qa4 1/2-1/2

[Event "Landesliga Ost MVP 2013-14"]
[Site "?"]
[Date "2013.12.15"]
[Round "4.1"]
[White "Voelsgen, Georg"]
[Black "Alder, Bodo"]
[Result "1/2-1/2"]
[WhiteElo "1943"]
[BlackElo "1915"]
[PlyCount "51"]
[EventType "team-tourn"]
[EventRounds "9"]
[EventCountry "GER"]
[WhiteTeam "SV Gryps"]
[BlackTeam "SC Seehotel Binz-Therme Rügen"]
[WhiteTeamCountry "GER"]
[BlackTeamCountry "GER"]

1. e4 c5 2. Nc3 g6 3. f4 Nc6 4. Nf3 Bg7 5. Bb5 a6 6. Bxc6 bxc6 7. O-O d6 8. d3
Rb8 9. Qe1 e6 10. f5 e5 11. g4 f6 12. a4 g5 13. a5 h5 14. h3 Bf8 15. Na4 Rb7
16. Nb6 Rbh7 17. c3 hxg4 18. hxg4 Nh6 19. Qg3 Nf7 20. Be3 d5 21. Kg2 Bd6 22.
Qf2 d4 23. Bd2 Bc7 24. Nxc8 Qxc8 25. b4 Qd7 26. c4 1/2-1/2

[Event "Landesliga Ost MVP 2013-14"]
[Site "?"]
[Date "2013.12.15"]
[Round "4.2"]
[White "Oergel, Ullrich"]
[Black "Windjaeger, Gerd"]
[Result "0-1"]
[WhiteElo "1740"]
[BlackElo "1893"]
[PlyCount "46"]
[EventType "team-tourn"]
[EventRounds "9"]
[EventCountry "GER"]
[WhiteTeam "SC Seehotel Binz-Therme Rügen"]
[BlackTeam "SV Gryps"]
[WhiteTeamCountry "GER"]
[BlackTeamCountry "GER"]

1. c4 b6 2. Nc3 Bb7 3. d4 e6 4. e4 Bb4 5. Bd3 f5 6. Nf3 fxe4 7. Ne5 exd3 8.
Qh5+ g6 9. Nxg6 Nf6 10. Qh4 Rg8 11. Nf4 Qe7 12. Bd2 Nc6 13. O-O-O Nxd4 14. Nxd3
Bxc3 15. bxc3 Be4 16. cxd4 Bxd3 17. Kb2 O-O-O 18. Rc1 Bf5 19. g3 Rg4 20. Qh6
Rxd4 21. Bc3 Ng4 22. Qh5 Rxc4 23. Rhe1 Qc5 0-1

[Event "Landesliga Ost MVP 2013-14"]
[Site "?"]
[Date "2013.12.15"]
[Round "4.3"]
[White "Mauser, Tassilo Tino"]
[Black "Horch, Helmut"]
[Result "1/2-1/2"]
[WhiteElo "1804"]
[BlackElo "1697"]
[PlyCount "94"]
[EventType "team-tourn"]
[EventRounds "9"]
[EventCountry "GER"]
[WhiteTeam "SV Gryps"]
[BlackTeam "SC Seehotel Binz-Therme Rügen"]
[WhiteTeamCountry "GER"]
[BlackTeamCountry "GER"]

1. e4 e6 2. d3 d5 3. Nd2 Nd7 4. Ngf3 Bd6 5. g3 Ngf6 6. Bg2 O-O 7. O-O c6 8. Re1
e5 9. exd5 cxd5 10. Nf1 Re8 11. Ne3 Nb6 12. c3 Bd7 13. Nc2 Bg4 14. h3 Bd7 15.
Bg5 h6 16. Be3 Qe7 17. Qd2 Bf5 18. Nh4 Bh7 19. g4 Qc7 20. Nf5 Bxf5 21. gxf5 Qd7
22. Bxb6 axb6 23. Ne3 d4 24. Ng4 Qxf5 25. Nxf6+ Qxf6 26. Bxb7 Rab8 27. Bg2 dxc3
28. bxc3 Bc5 29. Re2 Rbd8 30. Rae1 Qg6 31. d4 f6 32. Qb2 exd4 33. Rxe8+ Rxe8
34. Rxe8+ Qxe8 35. cxd4 Qe1+ 36. Bf1 Qb4 37. Qxb4 Bxb4 38. Kg2 Kf7 39. Kf3 f5
40. Kf4 Kf6 41. d5 g5+ 42. Kf3 Ke5 43. Bc4 Kd4 44. Bb3 Bd6 45. Kg2 Ke4 46. f3+
Ke3 47. Bc2 f4 1/2-1/2

[Event "Landesliga Ost MVP 2013-14"]
[Site "?"]
[Date "2013.12.15"]
[Round "4.4"]
[White "Ilanz, Kazimierz"]
[Black "Hollatz, Michael"]
[Result "0-1"]
[WhiteElo "1602"]
[BlackElo "1743"]
[PlyCount "48"]
[EventType "team-tourn"]
[EventRounds "9"]
[EventCountry "GER"]
[WhiteTeam "SC Seehotel Binz-Therme Rügen"]
[BlackTeam "SV Gryps"]
[WhiteTeamCountry "GER"]
[BlackTeamCountry "GER"]

1. e4 e5 2. Nf3 Nc6 3. d4 exd4 4. Nxd4 Bc5 5. Be3 Qf6 6. c3 Nge7 7. Bc4 Na5 8.
Bxf7+ Qxf7 9. b4 Bxd4 10. Bxd4 Nc4 11. O-O Nc6 12. Qe2 d6 13. Re1 O-O 14. Nd2
Na3 15. Nb3 Be6 16. Be3 Ne5 17. f3 Bc4 18. Qd2 Qg6 19. Kh1 d5 20. Nd4 Nd3 21.
Nf5 Rae8 22. Rg1 dxe4 23. fxe4 Rxe4 24. Ng3 Rxe3 0-1

[Event "Landesliga Ost MVP 2013-14"]
[Site "?"]
[Date "2013.12.15"]
[Round "4.5"]
[White "Sadewasser, Lucie"]
[Black "Koesterke, Klaus"]
[Result "1-0"]
[WhiteElo "1431"]
[BlackElo "1386"]
[Annotator "Alder"]
[PlyCount "57"]
[EventType "team-tourn"]
[EventRounds "9"]
[EventCountry "GER"]
[WhiteTeam "SV Gryps"]
[BlackTeam "SC Seehotel Binz-Therme Rügen"]
[WhiteTeamCountry "GER"]
[BlackTeamCountry "GER"]

1. e4 e6 2. d3 c5 3. f4 g6 4. Nf3 Nc6 5. c3 Bg7 6. Be3 b6 7. Be2 Nge7 8. Nbd2
O-O 9. Bf2 d5 10. e5 Qc7 11. g4 f6 12. exf6 Bxf6 13. Bg3 Qd8 14. Nf1 Bg7 15. h4
Bb7 16. h5 h6 17. Qd2 d4 18. c4 Qd7 19. Rh2 Kf7 20. Bh4 Ng8 21. Ng3 Qd6 22. Ne4
Qc7 23. hxg6+ Ke8 {und Weiß gewinnt im 32.Zug (} 24. Bg3 e5 25. f5 Qe7 26. Bh4
Qd7 27. Ng3 Nf6 28. Bxf6 Rxf6 29. Rxh6 {)} 1-0

[Event "Landesliga Ost MVP 2013-14"]
[Site "?"]
[Date "2013.12.15"]
[Round "4.6"]
[White "Mueller, Wilfried"]
[Black "Mielke, Sven"]
[Result "0-1"]
[WhiteElo "1361"]
[BlackElo "1812"]
[PlyCount "58"]
[EventType "team-tourn"]
[EventRounds "9"]
[EventCountry "GER"]
[WhiteTeam "SC Seehotel Binz-Therme Rügen"]
[BlackTeam "SV Gryps"]
[WhiteTeamCountry "GER"]
[BlackTeamCountry "GER"]

1. e4 e5 2. Nf3 Nc6 3. Bc4 Nf6 4. d3 Be7 5. Nc3 d6 6. h3 Na5 7. Nd2 O-O 8. b4
Nxc4 9. Nxc4 d5 10. exd5 Nxd5 11. Nxd5 Qxd5 12. Ne3 Bxb4+ 13. Bd2 Qd4 14. Rb1
Be7 15. O-O b6 16. Qe1 f6 17. Bc3 Qa4 18. Nd5 Bd6 19. Rb2 Be6 20. Qe4 Qd7 21.
Qf3 Ba3 22. Ne3 Bxb2 23. Bxb2 c5 24. a3 Rad8 25. Qe2 Rfe8 26. Rd1 Bd5 27. Nxd5
Qxd5 28. c4 Qd7 29. f3 Re6 0-1

[Event "Landesliga Ost MVP 2013-14"]
[Site "?"]
[Date "2013.12.15"]
[Round "4.7"]
[White "Matzek, Franz David"]
[Black "Ritter, Wolfgang"]
[Result "1/2-1/2"]
[WhiteElo "1654"]
[BlackElo "1482"]
[PlyCount "104"]
[EventType "team-tourn"]
[EventRounds "9"]
[EventCountry "GER"]
[WhiteTeam "SV Gryps"]
[BlackTeam "SC Seehotel Binz-Therme Rügen"]
[WhiteTeamCountry "GER"]
[BlackTeamCountry "GER"]

1. e4 d6 2. d4 g6 3. Nf3 Bg7 4. Nc3 Bg4 5. Be2 Nd7 6. h3 Bxf3 7. Bxf3 e5 8.
dxe5 Nxe5 9. Be2 Nf6 10. Bg5 h6 11. Be3 O-O 12. Qd2 Kh7 13. O-O-O Nfd7 14. f3
Nb6 15. b3 f5 16. h4 fxe4 17. Nxe4 Qe7 18. h5 d5 19. hxg6+ Nxg6 20. Bc5 Qe5 21.
Ng5+ Kg8 22. c3 Qxg5 23. Qxg5 hxg5 24. Bxf8 Rxf8 25. Kc2 Nf4 26. Bf1 Re8 27.
Kd2 Kf7 28. g3 Ne6 29. Be2 Nf8 30. f4 Kf6 31. Rdf1 Re7 32. Bd3 Ne6 33. fxg5+
Kxg5 34. Rh4 Bh6 35. Rf5+ Kg6+ 36. Kd1 Kg7 37. Rg4+ Ng5 38. Rfxg5+ Bxg5 39.
Rxg5+ Kf6 40. Rf5+ Kg7 41. Kd2 c6 42. a4 a5 43. Rh5 Kf6 44. g4 Nd7 45. g5+ Ke5
46. Rh7 Rxh7 47. Bxh7 b5 48. axb5 cxb5 49. Kc2 Nc5 50. b4 axb4 51. cxb4 Ne4 52.
g6 Kf6 1/2-1/2

[Event "Landesliga Ost MVP 2013-14"]
[Site "?"]
[Date "2013.12.15"]
[Round "4.8"]
[White "Gorlt, Guenter"]
[Black "Wagner, Swenja"]
[Result "1/2-1/2"]
[WhiteElo "1409"]
[BlackElo "1405"]
[PlyCount "73"]
[EventType "team-tourn"]
[EventRounds "9"]
[EventCountry "GER"]
[WhiteTeam "SC Seehotel Binz-Therme Rügen"]
[BlackTeam "SV Gryps"]
[WhiteTeamCountry "GER"]
[BlackTeamCountry "GER"]

1. c4 c5 2. Nc3 Nc6 3. Nf3 g6 4. g3 Bg7 5. Bg2 d6 6. O-O Nf6 7. d3 Bg4 8. Re1
Qc8 9. Rb1 Nd7 10. h3 Bxf3 11. Bxf3 Nde5 12. Bg2 h5 13. f4 Ng4 14. e3 Nf6 15.
Qf3 Kf8 16. Ne4 Nb4 17. Qe2 Nxa2 18. Bd2 Nxe4 19. dxe4 Nb4 20. Bxb4 cxb4 21. b3
a5 22. Red1 Bc3 23. Rd5 a4 24. bxa4 Rxa4 25. f5 Kg7 26. fxg6 fxg6 27. Qd3 Rf8
28. Qe2 Ra1 29. Rxa1 Bxa1 30. Rg5 Bf6 31. Rb5 Be5 32. g4 hxg4 33. hxg4 Bc3 34.
e5 Bxe5 35. Rxb7 Qe6 36. Bd5 Qf6 37. Rxb4 1/2-1/2